| Tag |
First Indicator |
Second Indicator |
Subfields |
| LEADER |
00000cam a2200000 i 4500 |
| 001 |
in00000628310 |
| 005 |
20230801172010.0 |
| 007 |
ta |
| 008 |
800604s1980 nyua b 101 0 eng |
| 010 |
|
|
|a 80017548
|
| 015 |
|
|
|a GB8036979
|2 bnb
|
| 016 |
7 |
|
|a 8004752
|2 DNLM
|
| 016 |
7 |
|
|a B8031087
|2 bccb
|
| 019 |
|
|
|a 6486736
|a 1087349408
|
| 020 |
|
|
|a 044480255X
|
| 020 |
|
|
|a 9780444802552
|
| 029 |
1 |
|
|a AU@
|b 000001746587
|
| 029 |
1 |
|
|a DEBSZ
|b 00764650X
|
| 029 |
1 |
|
|a GBVCP
|b 012523046
|
| 029 |
1 |
|
|a GBVCP
|b 039775925
|
| 029 |
1 |
|
|a HEBIS
|b 232215715
|
| 029 |
1 |
|
|a NLM
|b 8004752
|
| 029 |
1 |
|
|a NZ1
|b 15901884
|
| 029 |
1 |
|
|a NZ1
|b 2879857
|
| 035 |
|
|
|a (OCoLC)ocm06376023
|
| 035 |
|
|
|a (OCoLC)6376023
|z (OCoLC)6486736
|z (OCoLC)1087349408
|
| 035 |
|
|
|a (OCoLC)ocm06376023
|
| 040 |
|
|
|a DLC
|b eng
|c DLC
|d NLM
|d OCL
|d OCLCQ
|d NLGGC
|d BTCTA
|d BDX
|d OCLCO
|d OCLCF
|d OCLCQ
|d OCL
|d OCLCQ
|d CAI
|d OCLCO
|d UWO
|d OCLCO
|d OCLCA
|d U3G
|d OCLCQ
|d OCLCO
|d OCL
|
| 050 |
0 |
0 |
|a QR185.35
|b .I57 1979
|
| 060 |
0 |
0 |
|a W1
|b DE997WM v.10 1980
|
| 060 |
1 |
0 |
|a QW 504
|b I599p 1979
|
| 082 |
0 |
0 |
|a 599.02/9
|
| 111 |
2 |
|
|a International Symposium on Immunological Memory
|d (1979 :
|c Tampa, Fla.)
|
| 245 |
1 |
0 |
|a Phylogeny of immunological memory :
|b proceedings of the International Symposium on Immunological Memory, held at the American Society of Zoologists meeting in Tampa, Florida, USA, 28-30 December 1979 /
|c editor, Margaret J. Manning.
|
| 260 |
|
|
|a Amsterdam ;
|a New York :
|b Elsevier/North-Holland Biomedical Press ;
|a New York :
|b Sole distributors for the USA and Canada, Elsevier North-Holland,
|c 1980.
|
| 300 |
|
|
|a xiii, 318 pages :
|b illustrations ;
|c 25 cm.
|
| 336 |
|
|
|a text
|b txt
|2 rdacontent
|
| 337 |
|
|
|a unmediated
|b n
|2 rdamedia
|
| 338 |
|
|
|a volume
|b nc
|2 rdacarrier
|
| 490 |
1 |
|
|a Developments in immunology ;
|v v. 10
|
| 504 |
|
|
|a Includes bibliographical references and index.
|
| 650 |
|
0 |
|a Immunologic memory
|v Congresses.
|
| 650 |
|
0 |
|a Immunology, Comparative
|v Congresses.
|
| 650 |
|
0 |
|a Immunotaxonomy
|v Congresses.
|
| 650 |
|
0 |
|a Immunologic memory.
|
| 650 |
|
0 |
|a Phylogeny.
|
| 650 |
|
0 |
|a Immunologic memory
|x Congresses.
|
| 650 |
|
0 |
|a Immunology, Comparative
|x Congresses.
|
| 650 |
|
2 |
|a Immunologic Memory
|
| 650 |
|
2 |
|a Phylogeny
|
| 650 |
|
6 |
|a Mémoire immunologique
|x Congrès.
|
| 650 |
|
6 |
|a Immunologie comparée
|x Congrès.
|
| 650 |
|
6 |
|a Immunotaxinomie
|x Congrès.
|
| 650 |
|
6 |
|a Mémoire immunologique
|v Congrès.
|
| 650 |
|
6 |
|a Immunologie comparée
|v Congrès.
|
| 650 |
|
6 |
|a Mémoire immunologique.
|
| 650 |
|
6 |
|a Phylogenèse.
|
| 650 |
|
7 |
|a Phylogeny.
|2 fast
|0 (OCoLC)fst01062326
|
| 650 |
|
7 |
|a Immunologic memory.
|2 fast
|0 (OCoLC)fst00967991
|
| 650 |
|
7 |
|a Immunology, Comparative.
|2 fast
|0 (OCoLC)fst00968027
|
| 650 |
|
7 |
|a Immunotaxonomy.
|2 fast
|0 (OCoLC)fst00968042
|
| 655 |
|
2 |
|a Congress
|
| 655 |
|
7 |
|a Conference papers and proceedings.
|2 fast
|0 (OCoLC)fst01423772
|
| 655 |
|
7 |
|a Conference papers and proceedings.
|2 lcgft
|
| 655 |
|
7 |
|a Actes de congrès.
|2 rvmgf
|
| 700 |
1 |
|
|a Manning, Margaret J.
|
| 710 |
2 |
|
|a American Society of Zoologists.
|
| 776 |
0 |
8 |
|i Online version:
|a International Symposium on Immunological Memory (1979 : Tampa, Fla.).
|t Phylogeny of immunological memory.
|d Amsterdam ; New York : Elsevier/North-Holland Biomedical Press ; New York : sole distributors for the USA and Canada, Elsevier North-Holland, 1980
|w (OCoLC)610139467
|
| 830 |
|
0 |
|a Developments in immunology ;
|v v. 10.
|
| 938 |
|
|
|a Brodart
|b BROD
|n 32130538
|c $75.25
|
| 938 |
|
|
|a Baker and Taylor
|b BTCP
|n 80017548
|
| 948 |
|
|
|h HELD BY TXA - 135 OTHER HOLDINGS
|
| 994 |
|
|
|a Z0
|b TXA
|
| 999 |
f |
f |
|s fe974d9e-c638-3acd-a671-dea04bac290a
|i c3eb38ce-f780-3d7f-b7b8-3afc28d40745
|t 0
|
| 952 |
f |
f |
|p ric
|a Texas A&M University
|b Rellis Campus
|c Joint Library Facility
|s JLF
|d Remote Storage
|t 0
|e QR185.35 .I57 1979
|h Library of Congress classification
|i unmediated -- volume
|m A14805042630
|